|
|
|
|
| LEADER |
00000cam a2200000 i 4500 |
| 001 |
1/1155 |
| 008 |
000417s1991 nyu| ||| |||| ||eng|| |
| 020 |
|
|
|a 027593814X
|
| 035 |
|
|
|l 10059914
|
| 040 |
|
|
|a GR-MyUa
|b gre
|e AACR2
|
| 041 |
0 |
|
|a eng
|
| 082 |
7 |
|
|a 307.76
|2 (22)
|
| 100 |
1 |
|
|a Fathy, Tarik A.
|
| 245 |
1 |
0 |
|a Telecity :
|b information technology and its impact on city form /
|c Tarik A. Fathy.
|
| 260 |
|
|
|a New York :
|b Praeger,
|c c1991.
|
| 300 |
|
|
|a 155 σ. ;
|c 22 εκ.
|
| 504 |
|
|
|a Περιλαμβάνει βιβλιογραφικές παραπομπές και ευρετήριο.
|
| 650 |
0 |
0 |
|a Cities and towns
|x Forecasting.
|
| 650 |
0 |
0 |
|a Information technology
|x Social aspects
|x Forecasting.
|
| 650 |
0 |
0 |
|a City planning.
|
| 852 |
|
|
|a INST
|b LESVOS
|e 20000417
|h 307.76 FAT
|p 005100020268
|q 005100020268
|t BK
|y 0
|
| 901 |
|
|
|a BIBL1-2000-1
|
| 922 |
|
|
|a 1ΕΛΗ
|b 200003
|c ΚΠΣ/ΤΚ
|d GLORY
|
| 950 |
|
|
|a 103-1999-12-08
|
| 970 |
|
|
|a ΤΖΑΦΕΡΗ
|b ΕΥΑΓΓΕΛΙΑ
|z 2000/04/19
|